My life and experience (Record no. 369116)

000 -LEADER
fixed length control field 00374cam a22001217a 4500
008 - FIXED-LENGTH DATA ELEMENTS--GENERAL INFORMATION
fixed length control field 180718b1951 xxu||||| |||| 00| 0 eng d
082 ## - DEWEY DECIMAL CLASSIFICATION NUMBER
Classification number A99 K527my
100 ## - MAIN ENTRY--PERSONAL NAME
Personal name Khan, Mohd. Abdur Rahman
245 ## - TITLE STATEMENT
Title My life and experience
Statement of responsibility, etc. by Mohd. Abdur Rahman Khan
260 ## - PUBLICATION, DISTRIBUTION, ETC.
Place of publication, distribution, etc. Hyderabad
Name of publisher, distributor, etc. Krishnavas Int. Printers
Date of publication, distribution, etc. 1951
300 ## - PHYSICAL DESCRIPTION
Extent 378p.
650 ## - SUBJECT ADDED ENTRY--TOPICAL TERM
Topical term or geographic name entry element Khan, Mohammad Abdur Rahman, 1881
Holdings
Withdrawn status Lost status Damaged status Not for loan Permanent Location Current Location Date acquired Full call number Barcode Date last seen Price effective from Koha item type
        Indian Institute of Public Administration Indian Institute of Public Administration 1994-05-30 A99 K527my 33088 2018-07-21 2018-07-21 Book

Powered by Koha